000 02919nmm a22002777a 4500
001 000321
003 UAHC_CL
005 20260417165305.0
008 260417s2023 cl o d 000 spa d
040 _aUAHC_CL
_cUAHC_CL
_dUAHC_CL
100 _aGonzález Arias, Francisca
_923328
245 1 0 _aPercepciones ambientales frente al extractivismo, sequía y escasez hídrica, en localidades rurales de Illapel, IV región Coquimbo
_cFrancisca González ; profesor guía Miguel Bahamondes.
_bun análisis contextual e histórico
260 _aSantiago, Chile :
_bUniversidad Academia de Humanismo Cristiano,
_c2024.
300 _a124 páginas.
500 _aTesis para optar al grado de Licenciado/a en Antropología y al título de Antropólogo/a Social.
502 _aTesis (Antropología) -- Universidad Academia de Humanismo Cristiano, 2024.
516 _aTesis electrónica (PDF). Solicitar envío de documento a biblioteca@academia.cl.
520 _aLa sequía y escasez hídrica es un tema de conversación cada vez más común en el colectivo social, de vez en cuando se puede ir caminando por la calle o recorriendo el supermercado, otras veces en la locomoción colectiva y escuchar el “hace tiempo no llueve” o “no ha llovido”, pero esas frases siempre contienen un poco de esperanza para que cada año sea mejor que el anterior, en ocasiones se recurre a conocimientos tradicionales tales como: ver la cantidad de hormigas que hay en el verano para saber si el año será bueno o no. La presente investigación se centra geográficamente en la IV región de Coquimbo, hacia el interior de sus valles transversales, específicamente en la localidad de Illapel y su ruralidad, los actores principales son dos, los habitantes de las comunidades rurales y el extractivismo minero presente desde hace ya 20 años. Esto en el contexto climático de sequía y escasez hídrica, la investigación pretende unir estos tres puntos existiendo como objetivo describir y analizar la percepción de los habitantes de localidades rurales de Illapel (Limahuida, Canelillo, Cañas 1, Peralillo, entre otras) respecto a la sequía, la escasez de agua y el extractivismo. Se busca comprender cómo estos fenómenos son percibidos y experimentados por la comunidad, así como las estrategias que han adoptado para enfrentar estos desafíos. A través de una metodología cualitativa que incluye entrevistas, encuestas y observación participante, se pretende recoger y analizar las voces y experiencias de los residentes, proporcionando una visión integral de la situación actual.
650 0 _aSequías
_xAspectos sociales
_917095
650 0 _aAbastecimiento de agua
_xAspectos sociales
_zChile
_915858
650 0 _aAbastecimiento de agua
_914764
650 0 _aSequías
_xAspectos económicos
_917096
700 _aBahamondes Parrao, Miguel
_9138
_eprofesor guía
900 _aTANT 388
942 _cTS
_2ddc
999 _c63616
_d63616